000 00300nam a22001337a 4500
008 180914b xxu||||| |||| 00| 0 eng d
020 _a9780130842558
041 _aeng
080 _23 ED
_a331
100 _a59
101 _aBUS
245 _aBusiness Essentials
_cEbert.R.J
942 _2udc
_cBK
999 _c47823
_d47823